<?xml version="1.0" encoding="UTF-8"?><?xml-stylesheet type="text/xsl" href="static/style.xsl"?><OAI-PMH xmlns="http://www.openarchives.org/OAI/2.0/" xmlns:xsi="http://www.w3.org/2001/XMLSchema-instance" xsi:schemaLocation="http://www.openarchives.org/OAI/2.0/ http://www.openarchives.org/OAI/2.0/OAI-PMH.xsd"><responseDate>2026-04-29T19:48:34Z</responseDate><request verb="GetRecord" identifier="oai:riubu.ubu.es:10259/10318" metadataPrefix="marc">https://riubu.ubu.es/oai/request</request><GetRecord><record><header><identifier>oai:riubu.ubu.es:10259/10318</identifier><datestamp>2025-03-14T01:05:30Z</datestamp><setSpec>com_10259.4_2557</setSpec><setSpec>com_10259_5086</setSpec><setSpec>com_10259_2604</setSpec><setSpec>col_10259.4_2558</setSpec></header><metadata><record xmlns="http://www.loc.gov/MARC21/slim" xmlns:doc="http://www.lyncode.com/xoai" xmlns:xsi="http://www.w3.org/2001/XMLSchema-instance" xmlns:dcterms="http://purl.org/dc/terms/" xsi:schemaLocation="http://www.loc.gov/MARC21/slim http://www.loc.gov/standards/marcxml/schema/MARC21slim.xsd">
<leader>00925njm 22002777a 4500</leader>
<datafield tag="042" ind1=" " ind2=" ">
<subfield code="a">dc</subfield>
</datafield>
<datafield tag="720" ind1=" " ind2=" ">
<subfield code="a">Mateos Guilarte, Juan María</subfield>
<subfield code="e">author</subfield>
</datafield>
<datafield tag="720" ind1=" " ind2=" ">
<subfield code="a">Muñoz Castañeda, José María</subfield>
<subfield code="e">author</subfield>
</datafield>
<datafield tag="720" ind1=" " ind2=" ">
<subfield code="a">Pirozhenko, Irina</subfield>
<subfield code="e">author</subfield>
</datafield>
<datafield tag="720" ind1=" " ind2=" ">
<subfield code="a">Santamaría Sanz, Lucía</subfield>
<subfield code="e">author</subfield>
</datafield>
<datafield tag="260" ind1=" " ind2=" ">
<subfield code="c">2019-08</subfield>
</datafield>
<datafield tag="520" ind1=" " ind2=" ">
<subfield code="a">We study the spectrum of the 1D Dirac Hamiltonian encompassing the bound and&#xd;
scattering states of a fermion distorted by a static background built from δ-function&#xd;
potentials. After introducing the most general Dirac-δ potential for the Dirac equation&#xd;
we distinguish between “mass-spike” and “electrostatic” δ-potentials. Differences in the&#xd;
spectra arising depending on the type of δ-potential are studied in deep detail.</subfield>
</datafield>
<datafield tag="024" ind2=" " ind1="8">
<subfield code="a">http://hdl.handle.net/10259/10318</subfield>
</datafield>
<datafield tag="024" ind2=" " ind1="8">
<subfield code="a">10.3389/fphy.2019.00109</subfield>
</datafield>
<datafield tag="024" ind2=" " ind1="8">
<subfield code="a">2296-424X</subfield>
</datafield>
<datafield ind1=" " ind2=" " tag="653">
<subfield code="a">Contact interactions</subfield>
</datafield>
<datafield ind1=" " ind2=" " tag="653">
<subfield code="a">Dirac equation</subfield>
</datafield>
<datafield ind1=" " ind2=" " tag="653">
<subfield code="a">Dirac delta</subfield>
</datafield>
<datafield ind1=" " ind2=" " tag="653">
<subfield code="a">Selfadjoint extensions</subfield>
</datafield>
<datafield ind1=" " ind2=" " tag="653">
<subfield code="a">Relativistic quantum mechanics</subfield>
</datafield>
<datafield tag="245" ind1="0" ind2="0">
<subfield code="a">One-Dimensional Scattering of Fermions on δ-Impurities</subfield>
</datafield>
</record></metadata></record></GetRecord></OAI-PMH>